| 000 | 00702cam a22002171 4500 | ||
|---|---|---|---|
| 001 | sa 65004537 | ||
| 003 | DLC | ||
| 005 | 20260227112131.0 | ||
| 008 | 780911s1959 pk a b 000 0 eng | ||
| 010 | _asa 65004537 | ||
| 035 | _a(OCoLC)4213179 | ||
| 040 |
_aDLC _cNGenoU _dDLC |
||
| 043 | _aa-tu--- | ||
| 050 | 0 | 0 |
_aDR441 _b.E8 1959 |
| 100 | 1 |
_aEversley, G. Shaw-Lefevre _q(George Shaw-Lefevre), _cBaron, _d1832-1928. |
|
| 245 | 1 | 4 |
_aThe Turkish Empire, _bits growth and decay, _cby Lord Eversley. With additional chapters on modern Turkey. |
| 260 |
_aLahore, _bPremier Book House _c[1959] |
||
| 300 |
_a489 p. _billus. _c22 cm. |
||
| 504 | _aBibliographical footnotes. | ||
| 651 | 0 |
_aTurkey _xHistory. |
|
| 999 |
_c63809 _d63809 |
||